[Event "Reykjavik op"]
[Site "Reykjavik"]
[Date "2024.03.20"]
[Round "8"]
[White "Solsker, Jonas"]
[Black "Rajendran, Ishaan"]
[Result "0-1"]
[WhiteElo "1681"]
[BlackElo "1806"]
[PlyCount "60"]
[EventDate "2024.03.15"]
[EventType "swiss"]
[EventRounds "9"]
[EventCountry "ISL"]
[SourceTitle "CB13_2024"]
[SourceDate "2024.03.27"]
[SourceVersion "1"]
[SourceVersionDate "2024.03.27"]
[SourceQuality "1"]

1. d4 d5 2. c4 c6 3. Nf3 Nf6 4. Nc3 e6 5. Bf4 Nbd7 6. cxd5 exd5 7. e3 Be7 8. Bd3 0-0 9. h3 b6 10. 0-0 Bb7 11. Ne5 c5 12. Re1 Nxe5 13. Bxe5 Bd6 14. Bxf6 Qxf6 15. Nb5 c4 16. Nxd6 Qxd6 17. Bc2 b5 18. b3 a5 19. bxc4 dxc4 20. Qh5 f5 21. Rad1 Qg6 22. Qxg6 hxg6 23. f3 b4 24. e4 a4 25. exf5 b3 26. axb3 axb3 27. Be4 Bxe4 28. fxe4 c3 29. fxg6 c2 30. Rc1 b2 0-1

[Event "Reykjavik op"]
[Site "Reykjavik"]
[Date "2024.03.17"]
[Round "4"]
[White "Solsker, Jonas"]
[Black "Yazgi, Huseyin Yigit"]
[Result "1/2-1/2"]
[WhiteElo "1681"]
[BlackElo "1905"]
[PlyCount "200"]
[EventDate "2024.03.15"]
[EventType "swiss"]
[EventRounds "9"]
[EventCountry "ISL"]
[SourceTitle "CB13_2024"]
[SourceDate "2024.03.27"]
[SourceVersion "1"]
[SourceVersionDate "2024.03.27"]
[SourceQuality "1"]

1. d4 d6 2. c4 Nf6 3. Nc3 Nbd7 4. Nf3 e5 5. e4 exd4 6. Nxd4 Nc5 7. Qc2 a5 8. Be2 g6 9. Bg5 h6 10. Bh4 Bg7 11. f3 0-0 12. 0-0 Re8 13. Rfd1 Bd7 14. Rac1 g5 15. Bf2 Qc8 16. Bd3 Nh5 17. g3 Nf6 18. Ndb5 Ne6 19. Re1 Bf8 20. Nd5 Nh5 21. g4 Nhf4 22. Nf6+ Kh8 23. Nxe8 Bxe8 24. Bf1 Bg7 25. Qd2 Qd8 26. Rcd1 Qe7 27. Nd4 Nxd4 28. Bxd4 Bc6 29. Bxg7+ Kxg7 30. Qc3+ f6 31. b3 b6 32. a3 h5 33. h3 Rh8 34. Rd2 Kg8 35. Qb2 Qg7 36. b4 axb4 37. axb4 hxg4 38. hxg4 Rh4 39. Rh2 Qh6 40. c5 dxc5 41. bxc5 b5 42. Rd1 Rxh2 43. Qxh2 Qxh2+ 44. Kxh2 Ne6 45. Kg3 Be8 46. Rc1 c6 47. Kf2 Kf7 48. Ke3 Ke7 49. Bd3 Bf7 50. Bb1 Nd8 51. Rc2 Nb7 52. Kd4 Na5 53. Kc3 Nc4 54. Ba2 Ne5 55. Bxf7 Kxf7 56. Rf2 Ke6 57. Kd4 Ng6 58. Rf1 Nf4 59. Rd1 Ke7 60. Ke3 Ne6 61. Rd6 b4 62. Rxc6 b3 63. Rb6 Nxc5 64. Kd4 Ne6+ 65. Kc4 Nf4 66. Rxb3 Ke6 67. Rb6+ Ke5 68. Rb5+ Ke6 69. Kd4 Ng6 70. Rb6+ Ke7 71. Ra6 Ne5 72. Ke3 Kf7 73. Ra7+ Kg6 74. Kf2 Kh6 75. Kg3 Nd3 76. Ra6 Kg7 77. Rd6 Nf4 78. Ra6 Ne2+ 79. Kf2 Nf4 80. Ra5 Kg6 81. Rf5 Ne6 82. Ke3 Ng7 83. Rd5 Ne6 84. Rd6 Kf7 85. Rd7+ Kg6 86. Ra7 Nf4 87. Ra6 Kf7 88. Kd4 Ne6+ 89. Kc4 Nf4 90. Kc5 Ne6+ 91. Kc4 Nf4 92. Rb6 Ng6 93. Kc5 Ne5 94. Rb3 Ke6 95. Ra3 Nd7+ 96. Kd4 Ne5 97. Ra6+ Kf7 98. Kd5 Nxf3 99. Ra7+ Kg6 100. Ra2 Ne5 1/2-1/2